Piłkarze Fulham - Statystyki

Ogólne statystyki
  • Ten quiz został rozwiązany 35 razy
    9 od ostatniego zresetowania
  • Średni wynik to 10 z 24
Statystyki odpowiedzi
Piłkarz Narodowość Pozycja % Poprawnych
Bernd Leno Niemcy Bramkarz
100%
Joachim Andersen Dania Obrońca
89%
Raúl Jiménez Meksyk Napastnik
89%
Harry Wilson Walia Napastnik
78%
Antonee Robinson USA Obrońca
67%
Alex Iwobi Nigeria Napastnik
56%
Calvin Bassey Nigeria Obrońca
56%
Emile Smith Rowe Anglia Pomocnik
56%
Adama Traoré Hiszpania Napastnik
44%
Kenny Tete Holandia Obrońca
44%
Rodrigo Muniz Brazylia Napastnik
44%
Harrison Reed Anglia Pomocnik
33%
Issa Diop Francja Obrońca
33%
Sander Berge Norwegia Pomocnik
33%
Tom Cairney Szkocja Pomocnik
33%
Benjamin Lecomte Francja Bramkarz
22%
Kevin Brazylia Napastnik
22%
Samuel Chukwueze Nigeria Napastnik
22%
Sasa Lukic Serbia Pomocnik
22%
Timothy Castagne Belgia Obrońca
22%
Jonah Kusi-Asare Szwecja Napastnik
11%
Josh King Anglia Pomocnik
11%
Ryan Sessegnon Anglia Obrońca
11%
Jorge Cuenca Hiszpania Obrońca
0%
Nie znaleziono quizów pasujących do podanych kryteriów
Rozkład punktacji
Procent ludzi z każdym wynikiem
Percentyl według liczby udzielonych odpowiedzi
Twoja historia wyników
Nie rozwiązałeś tego quizu od ostatniego zresetowania